Límites constitucionales a la autotutela ejecutiva (Registro nro. 13449)

Detalles MARC
000 -LEADER
fixed length control field 00337 a2200109 4500
001 - CONTROL NUMBER
control field ART_9095
005 - DATE AND TIME OF LATEST TRANSACTION
control field 20260410161642.0
008 - FIXED-LENGTH DATA ELEMENTS--GENERAL INFORMATION
fixed length control field 260409a
100 1# - MAIN ENTRY--PERSONAL NAME
Personal name Karschenboim, Laura
245 10 - TITLE STATEMENT
Title Límites constitucionales a la autotutela ejecutiva
773 0# - HOST ITEM ENTRY
Title Consultor tributario
Related parts - Año 6, Nº 61 (mar. 2012)
Record control number REV474

No hay ítems disponibles.